Oborilovú zatiaľ hádzaná neláka ... (vedenie ŠKP Banská Bystrica má však o jej služby eminentný záujem)

Bibliographic Details
Format: Article
Language:Slovak
PhysicalDescription:Fotogr.
ISSN:0139-7001
Subjects:

MARC

LEADER 00000nab a2200000 ar4500
001 vtls009005525
003 SK-MaSNL
005 20260303065705.0
008 070222c20070627xo wr|p|||||||000 b|slo
015 |a SNBRBL2007/07  |2 snkbucl 
038 |a SNKBUCL 
040 |a SNKBUCL  |b slo  |c SNKBUCL  |e AACR2 
041 0 |a slo 
044 |a xo  |c SK 
080 |a 796.322.071  |2 1997 
080 |a 929 Oborilová, Jana  |2 1997 
245 0 0 |a Oborilovú zatiaľ hádzaná neláka ...  |b (vedenie ŠKP Banská Bystrica má však o jej služby eminentný záujem)  |c [autor] (pňa) 
300 |b Fotogr. 
600 1 7 |a Oborilová, Jana,  |d 1978-  |2 snkbucl  |9 103586 
650 0 7 |a hádzaná  |2 snkbucl  |9 3292 
700 1 |a Oborilová, Jana,  |d 1978-  |4 ive  |9 103586 
773 0 |t Šport  |g Roč. 61, č. 147 (27.6.2007), s. 34  |x 0139-7001 
852 |a SNK  |b KIS3GCP 
958 |a BX 
999 |c 1752223  |d 1754153